000 01189cam a2200313 i 4500
001 16577197
003 EG-ScBUE
005 20250612133515.0
008 101213s2010 enka f b f001 0 eng d
020 _a9780521551120 (hbk.)
040 _aUKM
_beng
_erda
_cUKM
_dBTCTA
_dYDXCP
_dCDX
_dHEBIS
_dDLC
_dEG-ScBUE
082 0 4 _a535.15
_bGRY
_222
100 1 _aGrynberg, Gilbert,
_eauthor.
_938233
245 1 0 _aIntroduction to quantum optics :
_bfrom the semi-classical approach to quantized light /
_cGilbert Grynberg, Alain Aspect, Claude Fabre ; with a foreword by Claude Cohen-Tannoudji.
264 1 _aCambridge :
_bCambridge University Press,
_c2010.
300 _axxix, 665 pages :
_billustrations ;
_c26 cm
336 _2rdacontent
_atext
_btxt
337 _2rdamedia
_aunmediated
_bn
338 _2rdacarrier
_avolume
_bnc
504 _aIncludes bibliographical references and index.
650 7 _aQuantum optics.
_2BUEsh
651 _2BUEsh
653 _bENGGEN
_cJune2015
_cJuly2015
655 _vReading book
700 1 _aAspect, Alain,
_eauthor.
700 1 _aFabre, Claude,
_d1951-
_eauthor.
700 1 _aCohen-Tannoudji, Claude
_eauthor of introduction, etc.
942 _2ddc
_cBB
999 _c19981
_d19953